Cách dùng cụm động từ trong tiếng Anh

Đã lưu trong:
書目詳細資料
主要作者: Flower, John
格式: 圖書
語言:Undetermined
出版: Hà Nội Thanh Niên 2004
主題:
標簽: 添加標簽
沒有標簽, 成為第一個標記此記錄!
Thư viện lưu trữ: Trung tâm Học liệu Trường Đại học Cần Thơ
LEADER 00551nam a2200193Ia 4500
001 CTU_93573
008 210402s9999 xx 000 0 und d
020 |c 24000 
082 |a 425 
082 |b F644 
100 |a Flower, John 
245 0 |a Cách dùng cụm động từ trong tiếng Anh 
245 0 |c John Flower, Nguyễn Văn Công dịch 
260 |a Hà Nội 
260 |b Thanh Niên 
260 |c 2004 
650 |a English language-Verb 
904 |i Nguyên 
980 |a Trung tâm Học liệu Trường Đại học Cần Thơ